Word Ladder: Presumptuous Displays of Affection Quiz Stats

 Plays Quiz Updated Oct 1, 2012

Support Sporcle.
Go Orange.
Score 0/11 Timer 01:00
0 Plays Today
Hint Answer % Correct
Bird's mouthBEAK
96.8%
Star Wars's SkywalkerLUKE
95.7%
Superior or ErieLAKE
91.7%
EnormousHUGE
91.2%
Toward the rearBACK
90.4%
EmbracesHUGS
89.4%
Sled racingLUGE
88%
Ursine animalBEAR
80.7%
Ornamental fabricLACE
80.3%
'Odelay' artistBECK
80.2%
To be missingLACK
78.6%

Today's Daily Dose

You're not logged in!

Compare scores with friends on all Sporcle quizzes.
OR
Log In

From the Vault

Hide Your '#' Movies

by timmylemoine1

1, 2, 3, hide the DVD.
Remove Ads.
Support Sporcle.
Get the best of Sporcle when you Go Orange. This ad-free experience offers more features, more stats, and more fun while also helping to support Sporcle. Thank you for becoming a member.

Show Comments

Extras

Top Quizzes Today


Score Distribution

Your Account Isn't Verified!

In order to create a playlist on Sporcle, you need to verify the email address you used during registration. Go to your Sporcle Settings to finish the process.

Report this User

Report this user for behavior that violates our Community Guidelines.

Details: